000 00794nam a2200253Ia 4500
003 OSt
005 20220916110917.0
006 a|||||r|||| 00| 0
007 ta
008 220915b |||||||| |||| 00| 0 hin d
024 _a217203
037 _cTextbook
040 _bhin
_aARTS
_cARTS
041 _ahin
082 _aO152,6M89:g, L9
100 _aमिश्र, रामप्रसाद
245 0 _aप्रसाद: गद्यकार
246 _aPrasāda: gadyakāra
260 _aदिल्ली
_bपल्लव प्रका0
_c1979
300 _a168पृ0
_ccm.
650 _aहिन्दी साहित्य
942 _hO152,6M89:g, L9
_cTB
_2CC
999 _c101117
_d101117